000
00311nam a2200145Ia 4500
100
_a
Jain S.K.
650
_a
Electrical Engineering
942
_c
BK
654
_a
T.V.
245
_a
Solve your T.V. Problems
260
_b
New Heights
_a
Delhi
_c
1981
082
_a
621.388
300
_a
281
546
_a
ENGLISH
999
_c
22859
_d
22859